Кровавая жатва: [18+]; [НЕЗАКОННОЕ ПОТРЕБЛЕНИЕ НАРКОТИЧЕСКИХ СРЕДСТВ, ПСИХОТРОПНЫХ ВЕЩЕСТВ, ИХ АНАЛОГОВ ПРИЧИНЯЕТ ВРЕД ЗДОРОВЬЮ, ИХ НЕЗАКОННЫЙ ОБОРОТ ЗАПРЕЩЁН И ВЛЕЧЕТ УСТАНОВЛЕННУЮ ЗАКОНОДАТЕЛЬСТВОМ ОТВЕТСТВЕННОСТЬ]; пер. с англ.; Большой налет; 106 тысяч за голову; Кровавая жатва; Проклятие Дейнов

Xehetasun bibliografikoak
Egile nagusia: Хэммет Д. Дэшил
Beste egile batzuk: Бабенко В. Виталий (составитель), Суматохин Е. Евгений (иллюстратор)
Hizkuntza:errusiera
Argitaratua: Москва, Юридическая литература, 1990
Edizioa:2-е изд., испр. и доп.
TOC:Большой налет;
106 тысяч за голову;
Кровавая жатва;
Проклятие Дейнов;
Saila:Американский детектив
Gaiak:
Formatua: MixedMaterials Liburua
KOHA link:https://koha.lib.tpu.ru/cgi-bin/koha/opac-detail.pl?biblionumber=127931

MARC

LEADER 00000nam0a2200000 4500
001 127931
005 20260407154713.0
035 |a (RuTPU)RU\TPU\book\138383 
090 |a 127931 
100 |a 20071221d1990 m y0rusy5003 ca 
101 1 |a rus  |c eng 
102 |a RU 
105 |a a z 000ay 
200 1 |a Кровавая жатва   |e [18+]  |e [НЕЗАКОННОЕ ПОТРЕБЛЕНИЕ НАРКОТИЧЕСКИХ СРЕДСТВ, ПСИХОТРОПНЫХ ВЕЩЕСТВ, ИХ АНАЛОГОВ ПРИЧИНЯЕТ ВРЕД ЗДОРОВЬЮ, ИХ НЕЗАКОННЫЙ ОБОРОТ ЗАПРЕЩЁН И ВЛЕЧЕТ УСТАНОВЛЕННУЮ ЗАКОНОДАТЕЛЬСТВОМ ОТВЕТСТВЕННОСТЬ]  |e пер. с англ.  |f Д. Хэммет  |g сост. В. Бабенко ; худож. Е. Суматохин 
205 |a 2-е изд., испр. и доп. 
210 |a Москва  |c Юридическая литература  |d 1990 
215 |a 368 с.  |c ил. 
225 1 |a Американский детектив 
464 |t Большой налет 
464 |t 106 тысяч за голову  |o повести 
464 |t Кровавая жатва 
464 |t Проклятие Дейнов  |o романы 
606 1 |a Американская литература (англо-язычная литература)  |2 stltpush  |3 (RuTPU)RU\TPU\subj\28887  |9 52349 
610 0 |a художественная литература 
610 0 |a проза 
610 0 |a романы 
610 0 |a повести 
610 0 |a детективы 
610 0 |a сборники 
675 |a 82  |v 3 
700 1 |a Хэммет  |b Д.  |g Дэшил  |4 070 
702 1 |a Бабенко  |b В.  |g Виталий  |4 220 
702 1 |a Суматохин  |b Е.  |g Евгений  |4 440 
801 0 |a RU  |b RuMRKP  |c 19950417  |g psbo 
801 1 |a RU  |b 63413507  |c 20071221  |g PSBO 
801 2 |a RU  |b 63413507  |c 20221010  |g PSBO 
830 |a *изданиеподлежащеемаркировке 
942 |c BK